000 00684nam a22002057a 4500
008 160930b xxu||||| |||| 00| 0 eng d
020 _a9710870211
082 _22011
_aDFil 513.3
_bC11
100 _915503
_aCabero, Jonathan B.
245 _aSolid mensuration/
_cJonathan B. Cabero...[and 3 others].
260 _aMandaluyong City:
_bNational Book Store,
_cc2011.
300 _av, 114 pages:
_billustrations;
_c26 cm.
500 _aIncludes bibliographical references.
650 0 _915504
_aSolid geometry
650 0 _915505
_aMeasurement
700 _915506
_aSalamat, Lorina G.
700 _915507
_aSta. Maria, Antonina C.
700 _915508
_aWong, Richmond
942 _2ddc
_cDFIL
999 _c4925
_d4925